Holy Anorexia = Santa anorexia /
Αποθηκεύτηκε σε:
| Κύριος συγγραφέας: | |
|---|---|
| Μορφή: | Άγνωστο |
| Έκδοση: |
Chicago :
The University of Chicago Press,
1985.
|
| Θέματα: | |
| Ετικέτες: |
Προσθήκη ετικέτας
Δεν υπάρχουν, Καταχωρήστε ετικέτα πρώτοι!
|
MARC
| LEADER | 000000000a22000000004500 | ||
|---|---|---|---|
| 001 | 011967 | ||
| 020 | |a 0226042049 | ||
| 082 | 0 | 4 | |a 305 |b B439h |
| 100 | 1 | |a Bell, Rudolph M. | |
| 245 | 1 | 0 | |a Holy Anorexia = |b Santa anorexia / |c Rudolph M. Bell. |
| 246 | 3 | 1 | |a Santa anorexia |
| 260 | 1 | |a Chicago : |b The University of Chicago Press, |c 1985. | |
| 300 | |a 248 páginas | ||
| 650 | 4 | |a SANTOS CRISTIANOS | |
| 650 | 4 | |a ITALIA | |
| 650 | 4 | |a HISTORIA | |
| 650 | 4 | |a MUJERES ITALIANAS | |
| 650 | 4 | |a PSICOLOGIA | |
| 650 | 4 | |a ANOREXIA NERVIOSA | |
| 650 | 4 | |a PACIENTES ITALIANOS | |
| 500 | |a Colección George Yúdice | ||
| 999 | |c 17986 |d 17986 | ||
| 942 | |c BK |h 305 B439h |2 z | ||



